000 00519nam a2200205Ia 4500
003 OSt
005 20220927114458.0
006 a|||||r|||| 00| 0
007 ta
008 220926b |||||||| |||| 00| 0 eng d
024 _a150240
037 _cTextbook
040 _aRTL
_cRTL
_beng
041 _2eng
_aeng
082 _a"X, TD"
100 _aSANYAL Bishwa Priya
_9388843
245 0 _aNGO's self-defeating quest for autonomy
942 _h"X, TD"
_cCC
999 _c704766
_d704766